UM Logo

Public health nursing in the Philippines/ (Record no. 1999)

MARC details
000 -LEADER
fixed length control field 00574nam a22001577a 4500
008 - FIXED-LENGTH DATA ELEMENTS--GENERAL INFORMATION
fixed length control field 160426b xxu||||| |||| 00| 0 eng d
020 ## - INTERNATIONAL STANDARD BOOK NUMBER
International Standard Book Number 9789719159322
082 ## - DEWEY DECIMAL CLASSIFICATION NUMBER
Edition number 2007
Classification number DFil 610.73599
Item number P96
245 ## - TITLE STATEMENT
Title Public health nursing in the Philippines/
Statement of responsibility, etc. Frances Prescilla L. Cuevas, editor in chief.
250 ## - EDITION STATEMENT
Edition statement 10th Edition
260 ## - PUBLICATION, DISTRIBUTION, ETC. (IMPRINT)
Place of publication, distribution, etc. [Manila]:
Name of publisher, distributor, etc. National League of Philippine Government Nurses,
Date of publication, distribution, etc. c2007.
300 ## - PHYSICAL DESCRIPTION
Extent 390 pages;
Dimensions 24 cm.
650 #0 - SUBJECT ADDED ENTRY--TOPICAL TERM
9 (RLIN) 6423
Topical term or geographic name as entry element Public health
Geographic subdivision Philippines
700 ## - ADDED ENTRY--PERSONAL NAME
9 (RLIN) 6424
Personal name Cuevas, Frances Prescilla L.
Relator term editor
942 ## - ADDED ENTRY ELEMENTS (KOHA)
Source of classification or shelving scheme Dewey Decimal Classification
Koha item type Filipiniana
Holdings
Withdrawn status Lost status Source of classification or shelving scheme Damaged status Not for loan Collection code Home library Current library Date acquired Source of acquisition Total Checkouts Full call number Barcode Date last seen Copy number Price effective from Koha item type
    Dewey Decimal Classification     Filipiniana UM Digos College - LIC UM Digos College - LIC 09/29/2007 Purchased   DFil 610.73599 P96 2007 19307 05/15/2025 1 04/26/2016 Filipiniana